[Event "Dilijan FIDE GP (Women)"]
[Site "Dilijan"]
[Date "2013.06.23"]
[Round "7"]
[White "Kosintseva, Tatiana"]
[Black "Batchimeg, Tuvshintugs"]
[Result "1-0"]
[WhiteElo "2526"]
[BlackElo "2316"]
[Annotator "CB"]
[PlyCount "87"]
[EventDate "2013.06.16"]
[EventType "tourn"]
[EventRounds "11"]
[EventCountry "ARM"]
[EventCategory "11"]
[SourceTitle "CBM 155"]
[Source "ChessBase"]
[SourceDate "2013.07.16"]
[SourceVersion "1"]
[SourceVersionDate "2013.07.16"]
[SourceQuality "1"]

1. e4 e5 2. Nf3 Nc6 3. Bb5 a6 4. Ba4 Nf6 5. O-O Be7 6. Re1 b5 7. Bb3 d6 8. c3
O-O 9. h3 Bb7 10. d4 Re8 11. Nbd2 Bf8 12. a3 g6 13. Ba2 Bg7 14. b4 a5 15. d5
Ne7 16. bxa5 {A new move for Kosintseva, one that gave her a huge advantage.}
Rxa5 17. c4 c6 18. dxc6 Bxc6 19. cxb5 $146 ({Predecessor (3):} 19. Rb1 Qc7 20.
Ng5 Rf8 21. Rb4 Nc8 22. Qb3 bxc4 23. Nxc4 Ra8 {1/2-1/2 (23) Satyapragyan,S 
(2428)-Babu,N (2341) Mumbai 2009}) 19... Rxb5 20. a4 Rb8 21. Ba3 h6 22. Nc4
Nxe4 23. Rxe4 d5 24. Nd6 dxe4 25. Bxf7+ Kh7 26. Bxe8 {Tatiana took with the
wrong piece.} ({Instead she had} 26. Nxe8 Qxd1+ 27. Rxd1 Bxe8 28. Bxe8 Rxe8 29.
Nd2 {with good winning chances.}) 26... exf3 27. Bxc6 Nxc6 28. Ne4 Nd4 29. Bc5
fxg2 30. Qg4 Qd5 31. Qxg2 Ne2+ 32. Kh2 Nf4 33. Qf3 Rb3 34. Be3 Qa5 35. Nd2 $4 {
White blunders her knight...} Rb4 $2 {but it goes unnoticed.} (35... Qxd2 36.
Qxf4 exf4 37. Bxd2 Bxa1 {was simply winning.}) 36. Qc6 Rb8 37. Ne4 Qd8 38. Rg1
Qh4 39. Rg3 g5 {In time trouble Black has made some inaccuracies that cost her
the game.} 40. Nf6+ Kh8 41. Ne8 Rb2 42. Qc8 Kh7 43. Qf5+ Ng6 44. Qf7 1-0

[Event "Grand Slam Final 2nd"]
[Site "Bilbao"]
[Date "2009.09.10"]
[Round "4"]
[White "Shirov, Alexei"]
[Black "Karjakin, Sergey"]
[Result "1/2-1/2"]
[WhiteElo "2730"]
[BlackElo "2722"]
[Annotator "CB"]
[PlyCount "71"]
[EventDate "2009.09.06"]
[EventType "tourn"]
[EventRounds "6"]
[EventCountry "ESP"]
[EventCategory "20"]
[SourceTitle "CBM 132"]
[Source "ChessBase"]
[SourceDate "2009.09.16"]
[SourceVersion "1"]
[SourceVersionDate "2009.09.16"]
[SourceQuality "1"]

1. e4 e5 2. Nf3 Nc6 3. Bb5 a6 4. Ba4 Nf6 5. O-O Be7 6. Re1 b5 7. Bb3 O-O 8. c3
d6 9. h3 Bb7 $5 {Esta elección explica la buena actuación de Karjakin en la
ronda previa contra la defensa Zaitsev. El ha realizado un fuerte trabajo en
esta defensa para jugarla con negras.} 10. d4 Re8 11. Ng5 Rf8 12. Nf3 Re8 13.
Nbd2 Bf8 14. a4 $5 {Shirov elige jugar la línea táctica principal contra la
Zaitsev.} h6 15. Bc2 exd4 16. cxd4 Nb4 17. Bb1 c5 18. d5 Nd7 19. Ra3 c4 (19...
f5 $5 {Es la otra opción, no obstante aquí el blanco ha demostrado tener
muchos recursos para atacar la debilitada posición del rey negro.}) 20. axb5
axb5 21. Nd4 Rxa3 22. bxa3 Nd3 23. Bxd3 cxd3 24. Nxb5 $5 {Despues de
comprobarlo en mi base de datos, esta jugada parece ser una novedad. Shirov
intenta ganar el peón ofrecido, pero la compensación negra parece más que
adecuada.} Qa5 25. Nd4 Qc3 26. Nf5 Nc5 27. f3 $5 {Debilitando las casillas
negras, pero reforzando el punto "e4".} Bxd5 {Tras una larga meditación,
Karjakin opta por jugar a tablas.} (27... Bc8 28. Ne3 Ba6 {Fue sugerido por
Shirov como una variante para jugar a ganar con negras.}) 28. exd5 Rxe1+ 29.
Qxe1 Nb3 30. Qe8 (30. Nxh6+ gxh6 31. Qg3+ Kh8 32. Nxb3 Qxb3 {Es una idea para
jugar a ganar con blancas, pero Shirov comentó que no le gustaba, ya que el
peón negro y el potencial juego del alfil de casillas negras del segundo
jugador parecen muy amenazadores.}) 30... Qxc1+ 31. Kh2 Nxd2 32. Ne7+ Kh7 33.
Qxf8 Nf1+ 34. Kh1 Ng3+ 35. Kh2 Nf1+ 36. Kh1 1/2-1/2

[Event "China Chess King 1st"]
[Site "Taizhou"]
[Date "2015.11.30"]
[Round "3.2"]
[White "Wei, Yi"]
[Black "Bu, Xiangzhi"]
[Result "1-0"]
[WhiteElo "2737"]
[BlackElo "2710"]
[Annotator "CB"]
[PlyCount "111"]
[EventDate "2015.11.24"]
[EventType "k.o."]
[EventRounds "3"]
[EventCountry "CHN"]
[SourceTitle "CBM 170"]
[Source "ChessBase"]
[SourceDate "2016.01.15"]
[SourceVersion "1"]
[SourceVersionDate "2016.01.15"]
[SourceQuality "1"]

{Eine bemerkenswerte Partie. Beide Seiten haben im Mittelspiel ihre Pläne
systematisch und konsequent verfolgt. Nach einer kleinen Ungenauigkeit in
einer objektiv ausgeglichenen Stellung gewann Weiß mit einer phantastischen
und überraschenden Kombination.} 1. e4 e5 2. Nf3 Nc6 3. Bb5 a6 4. Ba4 Nf6 5.
O-O Be7 6. Re1 b5 7. Bb3 d6 8. c3 O-O 9. h3 Bb7 10. d4 Re8 11. Ng5 Rf8 12. Nf3
Re8 13. Nbd2 exd4 14. cxd4 Nd7 15. Nf1 Na5 16. Bc2 Bf6 17. N1h2 c5 18. d5 Nc4
19. Rb1 {Ein strategisch interessanter Stellungstyp. Schwarz hat eine Mehrheit
auf dem Damenflügel, Weiß hat Vorteile auf dem Königsflügel.} Nde5 20. Nxe5
Bxe5 21. b3 Nb6 22. Ng4 Bd4 23. Be3 Bc3 24. Re2 b4 {Legt den weißen
Damenflügel fest, um anschließend mit einem Vorstoß des a-Bauern die
a-Linie zu öffnen. Weiß steht aktiv und die weißen Figuren stehen drohend,
aber wie bringt Weiß seine Figuren zum Angriff?} 25. Bf4 $1 {Weiß
überstürzt nichts, sondern bringt seinen Turm mit dieser Umgruppierung auf
die dritte Reihe, wo er am Angriff teilnimmt.} a5 26. Re3 Bc8 {Mit der Idee,
eine Angriffsfigur abzutauschen.} 27. Rg3 Bxg4 28. hxg4 $5 {Auf den ersten
Blick paradox: Weiß bringt seinen Turm nach g3, um ihn dann mit diesem Zug
den Blick zu versperren? Aber Weiß will nicht auf der g-Linie, sondern auf
der h-Linie angreifen.} a4 29. g5 axb3 30. axb3 g6 31. Be3 c4 32. Rh3 {Es
dauert eine Weile, bis Weiß seine Figuren in Stellung gebracht hat und
wirkliche Drohungen aufstellen kann. Das schwarze Spiel am Damenflügel ist
schneller. Dafür ist das weiße Spiel am Königsflügel gefährlicher, denn
Weiß greift den König an.} Ra2 ({Nachdem Schwarz die a-Linie geöffnet hat,
muss er einen Weg finden, konkrete Drohungen aufzustellen. 32...Ta2 sieht wie
der natürliche Zug aus, aber vielleicht war} 32... cxb3 33. Rxb3 Nc4 {besser.
Nach z.B.} 34. Bf4 (34. Bd4 Ra1 35. Bb1 Qxg5 36. Rbxc3 bxc3 37. Bxc3 Ra3 $17)
34... Ra1 35. Rb1 Rxb1 36. Bxb1 Qb6 {steht Schwarz gut. Es ist nicht zu sehen,
wie Weiß konkrete Drohungen aufstellen kann, wohingegen der schwarze b-Bauer
gefährlich ist.}) 33. g3 $1 {Bemerkenswert kaltblütig. Der schwarze Turm ist
bereits in die weiße Stellung eingedrungen, doch Weiß nimmt sich Zeit, um
auf der h-Linie Drohungen aufstellen zu können.} Qc7 34. Kg2 Rea8 35. Rc1 Rb2
({Erneut muss sich Schwarz entscheiden, wie er konkrete Drohungen aufstellen
will. Der Textzug sieht natürlich aus, aber besser war} 35... Ra1 36. Bb1 cxb3
37. Qxb3 (37. Rxh7 Kxh7 38. Qh1+ Kg8 39. Bd4 Bxd4 40. Rxc7 b2 41. Rc6 Rxb1 42.
Qxb1 Ra1 $19) 37... Qc4 38. Qc2 Nd7 {und die schwarzen Drohungen sind realer.})
36. Bd4 f6 37. gxf6 Bxd4 38. Qxd4 Raa2 {Auf diesen Zug, mit dem Schwarz 39...
cxb3 droht, hat sich Schwarz verlassen. Doch Weiß hat einen ebenso
überraschenden wie starken Konter:} 39. Rxh7 $3 Qxh7 (39... Kxh7 40. Rh1+ Kg8
41. f7+ Kxf7 42. Rh7+ Ke8 43. Qh8#) 40. Qxb6 {Die überraschende Pointe. Nach
dieser Rechts-Links-Kombination hat Weiß eine Qualität weniger, der Läufer
auf c2 hängt und der weiße Bauer f6 wirkt gefährdet, aber dafür steht der
schwarze König exponiert - zu exponiert.} Qf7 (40... Rxc2 $2 41. Qd8+ Kf7 42.
Qe7+ Kg8 43. Qe8#) 41. Rh1 Ra8 ({Nach} 41... Qxf6 {gewinnt Weiß mit} 42. Qb8+
Qf8 43. Rh8+ Kxh8 44. Qxf8+ Kh7 45. Qf7+ Kh8 46. e5 $18) 42. Bd1 Qxf6 43. Bg4
Re8 ({Nach dem überraschenden Gegenopfer} 43... Qxf2+ 44. Qxf2 Raa2 45. Qxb2
Rxb2+ 46. Kf3 Rxb3+ 47. Kf4 Kg7 48. e5 dxe5+ 49. Kxe5 {bringt Weiß seine
Mehrfigur zur Geltung.}) 44. Qa7 {Mit der Drohung 45.Le6+ Kf8 46.Th8+ Dxh8 47.
Df7#} Qe5 45. Rh7 Rxf2+ {Die einzige Möglichkeit, das Matt zu parieren.} 46.
Kxf2 Rf8+ 47. Kg2 Qxe4+ 48. Kh2 Rf2+ 49. Qxf2 Kxh7 50. Qf7+ Kh8 51. Qf4 Qc2+
52. Kh3 Kg7 (52... cxb3 53. Qh6+ Kg8 54. Be6#) 53. Qd4+ Kh7 54. Qxc4 Qf2 55.
Qf4 Qg1 56. Qf3 {Eine beeindruckende Angriffspartie von Wei Yi.} 1-0

[Event "Moscow op2"]
[Site "Moscow"]
[Date "1995.??.??"]
[Round "8"]
[White "Korneev, Oleg"]
[Black "Kholmov, Ratmir D"]
[Result "1-0"]
[WhiteElo "2605"]
[BlackElo "2445"]
[Annotator "Chekhov,V"]
[PlyCount "87"]
[EventDate "1995.11.??"]
[EventType "swiss"]
[EventRounds "9"]
[EventCountry "RUS"]
[SourceTitle "CBM 050 Extra"]
[Source "ChessBase"]
[SourceDate "1996.03.01"]
[SourceVersion "1"]
[SourceVersionDate "1996.03.01"]
[SourceQuality "1"]

1. e4 e5 2. Nf3 Nc6 3. Bb5 a6 4. Ba4 Nf6 5. O-O Be7 6. Re1 b5 7. Bb3 O-O 8. c3
d6 9. h3 Nd7 10. d4 Nb6 11. Nbd2 exd4 12. cxd4 Nb4 13. Nf1 c5 14. a3 Nc6 15.
Bf4 Bf6 $6 {N/} (15... c4 16. Bc2 d5 17. e5 Re8 18. Ne3 a5 19. Nf5 Bxf5 20.
Bxf5 g6 21. Bc2 b4 $132 {Paldus,P-Holoubkova,M/Mlada Boleslav/1992/0|1/53/}) (
15... Nxd4 $5 16. Nxd4 cxd4 17. Qxd4 Be6 18. Qd3 Nc4 $132 {Malder,K-Hecht,H/
Pyrmont/1970/0,5/73/}) 16. dxc5 dxc5 17. Bd6 Be7 18. e5 Na5 (18... Bxd6 19.
exd6 Bf5 20. Ne3 Bg6 21. Nd5 $16) 19. Bxe7 Qxe7 20. Bc2 Be6 21. Qd3 g6 22. Qd2
Nc6 (22... Nac4 23. Qh6 f6 24. exf6 Rxf6 25. Ng3 $36) 23. Qh6 f5 24. exf6 Rxf6
25. Be4 (25. Ng3 $5 Qg7 26. Qxg7+ Kxg7 27. Ne4 $36) 25... Rc8 26. Bxc6 Rxc6 27.
Ne5 $14 Rc7 28. Nh2 Qf8 29. Qd2 Nd7 (29... Nc4 $6 30. Nxc4 Bxc4 31. Ng4 Rd6 32.
Qc3 h5 33. Ne5 $16) 30. Qa5 (30. Neg4 $5 Bxg4 31. Nxg4 Rd6 32. Qc3 h5 33. Ne5
$14) 30... Rc8 31. Qxa6 Nxe5 32. Rxe5 Bc4 (32... Bxh3 33. Qxb5 Bxg2 34. Rae1 (
34. Kxg2 Rxf2+ 35. Kg1 Rxh2 36. Rf1 Qd6 37. Re8+ Kg7 $17) 34... Bc6 35. Qxc5
$16) 33. Qb7 Rxf2 34. Nf3 Rxb2 35. Rae1 $146 Rb8 (35... b4 $5) 36. Qe4 Rd8 37.
Kh1 Qf6 (37... Rb3 38. Ng5 (38. Qc6 $1) 38... Rxa3 39. Qh4 Ra7) (37... Bd3 38.
Qc6 $36) 38. Rxc5 Qd6 39. Re5 Rf8 (39... Bd5 40. Qd4 $18) 40. Re8 Bf7 41. Rxf8+
Kxf8 42. Ng5 $18 Rf2 43. Qh4 Qd2 44. Qh6+ (44. Qh6+ Kg8 45. Qxh7+ Kf8 46. Qh8+
Bg8 47. Qh6#) 1-0

[Event "Interpolis"]
[Site "Tilburg"]
[Date "1989.09.18"]
[Round "4"]
[White "Ivanchuk, Vassily"]
[Black "Agdestein, Simen"]
[Result "1-0"]
[WhiteElo "2660"]
[BlackElo "2605"]
[Annotator "ChessBase"]
[PlyCount "75"]
[EventDate "1989.09.15"]
[EventType "tourn"]
[EventRounds "14"]
[EventCountry "NED"]
[EventCategory "15"]
[SourceTitle "CBM 015"]
[Source "ChessBase"]
[SourceDate "1990.04.01"]
[SourceVersion "1"]
[SourceVersionDate "1990.04.01"]
[SourceQuality "1"]

1. e4 e5 2. Nf3 Nc6 3. Bb5 a6 4. Ba4 Nf6 5. O-O Be7 6. Re1 b5 7. Bb3 d6 8. c3
O-O 9. h3 Be6 10. d4 Bxb3 11. axb3 exd4 12. cxd4 Nb4 13. Nc3 c5 14. Bf4 $5 {
14.Be3, 14.Qe2, 14.d5} c4 (14... d5 $5 15. e5 Ne8) 15. bxc4 bxc4 16. Bg5 (16.
Re2 d5 $1) 16... Nd3 17. Re2 Nh5 $1 18. Be3 $1 (18. Bxe7 Qxe7 19. Nd5 Qb7 $13)
18... f5 19. exf5 Rxf5 20. Qa4 $1 Rc8 (20... Nhf4 21. Bxf4 Nxf4 22. Re3 d5 23.
Ne5 $14) 21. Qxa6 Bf8 22. Qb7 $1 Nhf4 (22... Rf7 23. Qd5 $1 Nf6 24. Qe6) 23.
Bxf4 Nxf4 24. Re3 Rf7 (24... d5 $2 25. g3 $1 Nxh3+ 26. Kg2 Ng5 27. Nh4 $1 Rb8
28. Qc6 Rb6 29. Ra8 $1) 25. Qa6 d5 26. Ne5 Rf6 27. Qb7 $1 {27... Rb6? 28.Qf7,
27... Rb8 28.Qd7!} Rc7 28. Qb5 h5 29. Rf3 $1 {/\ 30.Rf4! Rf4 31.Qd5 Qd5 32.Nd5}
Kh7 30. Ra6 Bd6 $2 31. Nxd5 Ne2+ 32. Kf1 Nxd4 33. Nxf6+ gxf6 34. Qd5 $1 Nxf3
35. Rxd6 Nh2+ 36. Kg1 Qe7 37. Rd7 Rxd7 38. Qxd7 1-0

[Event "Candidates m5"]
[Site "Saint John"]
[Date "1988.??.??"]
[Round "2"]
[White "Sax, Gyula"]
[Black "Short, Nigel D"]
[Result "0-1"]
[WhiteElo "2610"]
[BlackElo "2630"]
[Annotator "ChessBase"]
[PlyCount "90"]
[EventDate "1988.01.24"]
[EventType "match"]
[EventRounds "5"]
[EventCountry "CAN"]
[SourceTitle "Candidates"]
[Source "ChessBase"]
[SourceDate "1999.07.01"]
[SourceVersion "2"]
[SourceVersionDate "1999.07.01"]
[SourceQuality "1"]

1. e4 e5 2. Nf3 Nc6 3. Bb5 a6 4. Ba4 Nf6 5. O-O Be7 6. Re1 b5 7. Bb3 d6 8. c3
O-O 9. h3 Bb7 10. d4 Re8 11. a4 h6 12. Nbd2 Bf8 13. Bc2 exd4 14. cxd4 Nb4 15.
Bb1 c5 16. d5 Nd7 17. Ra3 c4 18. axb5 axb5 19. Nd4 Rxa3 20. bxa3 Nd3 21. Bxd3
cxd3 22. Re3 Ne5 23. Nxb5 Qa5 24. Nd4 Qc3 25. N2b3 Ba6 26. Bd2 (26. Qd2 Qxd2
27. Bxd2 Nc4 28. Rxd3 Rxe4) 26... Qb2 27. Bb4 g6 {/\ h5,Bh6} 28. f4 Nc4 29.
Rxd3 Rxe4 30. Qf3 Re8 $44 31. Kh2 Bg7 32. Nc6 Qe2 33. Nbd4 Qxf3 34. Rxf3 Re4
35. Nb3 Re2 36. Ncd4 Re4 37. Nc6 Re2 38. Kg3 Ne3 39. h4 Rxg2+ 40. Kh3 Bc8+ 41.
f5 Bxf5+ 42. Rxf5 gxf5 43. Bxd6 Rb2 44. Ne7+ Kh7 45. Nc5 Bf6 0-1

[Event "World Cup"]
[Site "Brussels"]
[Date "1988.??.??"]
[Round "13"]
[White "Sokolov, Andrei"]
[Black "Portisch, Lajos"]
[Result "1-0"]
[WhiteElo "2595"]
[BlackElo "2610"]
[Annotator "ChessBase"]
[PlyCount "83"]
[EventDate "1988.04.??"]
[EventType "tourn"]
[EventRounds "17"]
[EventCountry "BEL"]
[EventCategory "15"]
[SourceTitle "CBM 007"]
[Source "ChessBase"]
[SourceDate "1988.12.01"]
[SourceVersion "1"]
[SourceVersionDate "1988.12.01"]
[SourceQuality "1"]

1. e4 e5 2. Nf3 Nc6 3. Bb5 a6 4. Ba4 Nf6 5. O-O Be7 6. Re1 b5 7. Bb3 d6 8. c3
O-O 9. h3 Bb7 10. d4 Re8 11. Ng5 Rf8 12. Nf3 Re8 13. Nbd2 Bf8 14. a4 h6 15. Bc2
exd4 {15...Rb8 - 45/(410)} 16. cxd4 Nb4 17. Bb1 c5 18. d5 Nd7 19. Ra3 c4 20.
Nd4 Ne5 {20...Qf6 - 45/(410)} 21. axb5 Qb6 22. Nxc4 $1 Nxc4 23. Rg3 Bc8 $1 24.
b3 $3 {N; 24.Bh6 - 43/442} Ne5 25. Be3 (25. Bxh6 Nbd3 $1 $17) 25... Ng6 $5 (
25... Qc7 26. Bxh6 $16) 26. f4 {/\ f5, Ne6} Qd8 27. f5 Ne5 28. Qd2 $1 a5 29.
Bxh6 Qh4 (29... Kh7 {>=} 30. Bf4 Be7 31. Rf1 Bf6 32. Kh1 Bd7 33. Qe2 $16) 30.
Kh2 Bd7 (30... Qxg3+ 31. Kxg3 gxh6 32. f6 Bd7 33. Re3 Rab8 34. Qe2 $16 {
/\ Kh2, Rg3, Qh5, Nf3}) 31. Bg5 Qh5 32. Rf1 {/\ Rf4-h4} g6 $8 33. Nc6 $1 (33.
Rf4 $2 Bh6 $1) 33... Bxc6 (33... Rab8 34. fxg6 fxg6 35. Nxa5 Bxb5 (35... Rxb5
36. Nc4 $1 {/\ Rf6+-}) 36. Rf4 Bh6 37. Rf6 $18) (33... Bg7 34. f6 Bf8 35. Ne7+
Bxe7 (35... Kh8 36. Rf4 Bh6 37. Bxh6 Qxh6 38. Qf2 $18) 36. fxe7 Bxb5 37. Rf4
$18) 34. dxc6 Rab8 $6 (34... Rac8 35. fxg6 fxg6 36. Rxf8+ Rxf8 37. Qxd6 Nf7 38.
Qe6 Rfe8 39. Be7 $16) 35. fxg6 fxg6 (35... Nxg6 36. Rf5 Qh7 (36... Re5 37. Rxe5
{/\ c7, b6+-}) 37. c7 Rbc8 (37... Rb7 38. Bd8 $18) 38. b6 $18) 36. c7 Rbc8 (
36... Rxb5 37. Rxf8+ $1 Rxf8 38. Qxd6 $18) 37. b6 Qh7 38. Rxf8+ $1 Rxf8 39.
Qxd6 Nbc6 (39... Nf7 40. Qe6 Rce8 (40... Rfe8 41. b7 $1 $18) 41. Qc4 {/\ b7+-})
40. Bf6 Rxf6 (40... Rfe8 41. b4 $1 $18) (40... Qd7 41. Rxg6+ $1 $18) 41. Qxf6
Qd7 42. b7 $1 (42. b7 $1 Rxc7 43. b8=Q+ Nxb8 44. Qxe5 $18) 1-0

[Event "EU-chT (Men) 09th"]
[Site "Haifa"]
[Date "1989.??.??"]
[Round "1.5"]
[White "Schlosser, Michael"]
[Black "Wahls, Matthias"]
[Result "0-1"]
[WhiteElo "2430"]
[BlackElo "2535"]
[Annotator "ChessBase"]
[PlyCount "80"]
[EventDate "1989.11.23"]
[EventType "team-swiss"]
[EventRounds "9"]
[EventCountry "ISR"]
[SourceTitle "EU-chT"]
[Source "ChessBase"]
[SourceDate "1999.07.01"]
[SourceVersion "2"]
[SourceVersionDate "1999.07.01"]
[SourceQuality "1"]
[WhiteTeam "Austria"]
[BlackTeam "German Fed Rep"]
[WhiteTeamCountry "AUT"]
[BlackTeamCountry "GER"]

1. e4 e5 2. Nf3 Nc6 3. Bb5 a6 4. Ba4 Nf6 5. O-O Be7 6. Re1 b5 7. Bb3 O-O 8. c3
d6 9. h3 Nd7 10. d4 Nb6 11. Nbd2 Bf6 12. Nf1 Re8 13. Ng3 g6 14. Bh6 Bb7 15. Qd2
Na5 16. Bc2 Nac4 17. Qc1 exd4 18. cxd4 c5 19. b3 Na5 20. e5 Bh8 21. Bg5 (21.
dxc5 dxc5 22. Be4 $16) 21... Qd7 22. Bf6 Bxf3 23. Qh6 Nd5 24. Bxh8 Kxh8 25.
gxf3 cxd4 26. Re4 Rxe5 27. f4 Rxe4 28. Bxe4 Qe6 29. Qg5 f5 30. Bxd5 Qxd5 31.
Qf6+ Kg8 32. Rc1 Rf8 33. Qe7 Nc6 34. Qd7 Nd8 35. Nf1 d3 36. Nd2 Qd4 37. Qe7
Qxf4 38. Rc8 Qe5 39. Qd7 Qe1+ 40. Nf1 d2 0-1

[Event "Interzonal-12c"]
[Site "Moscow"]
[Date "1982.09.08"]
[Round "2"]
[White "Sax, Gyula"]
[Black "Beliavsky, Alexander G"]
[Result "1-0"]
[WhiteElo "2550"]
[BlackElo "2615"]
[Annotator "ChessBase"]
[PlyCount "73"]
[EventDate "1982.09.07"]
[EventType "tourn"]
[EventRounds "13"]
[EventCountry "URS"]
[EventCategory "12"]
[SourceTitle "IZT"]
[Source "ChessBase"]
[SourceDate "1999.07.01"]
[SourceVersion "1"]
[SourceVersionDate "1999.07.01"]
[SourceQuality "1"]

1. e4 e5 2. Nf3 Nc6 3. Bb5 a6 4. Ba4 Nf6 5. O-O Be7 6. Re1 b5 7. Bb3 d6 8. c3
O-O 9. h3 Bb7 10. d4 Re8 11. a4 h6 12. Nbd2 Bf8 13. Bc2 exd4 14. cxd4 Nb4 15.
Bb1 bxa4 $5 16. Rxa4 a5 17. Ra3 $1 g6 18. Rae3 Bg7 19. Nf1 c5 (19... d5 20. e5
Ne4 21. Ng3 $1 $16) (19... Nd7 $5 20. Bd2 Nb6) 20. Ng3 cxd4 (20... Nd7 $5) 21.
Nxd4 d5 22. e5 Ne4 23. Nxe4 dxe4 24. Bxe4 Bxe4 25. Rxe4 Qd5 (25... Rc8 $5) 26.
Nf3 Qxd1 27. Rxd1 Rac8 28. Bd2 Red8 29. Ra1 Rd5 30. Bc3 Nd3 31. Rd1 $1 $18 a4
32. Ra1 Rb5 33. Rexa4 Nxb2 34. Ra8 Rxa8 35. Rxa8+ Bf8 36. e6 fxe6 37. Nd4 1-0

[Event "Interzonal-12b"]
[Site "Toluca de Lerdo"]
[Date "1982.08.13"]
[Round "3"]
[White "Spassky, Boris Vasilievich"]
[Black "Balashov, Yuri S"]
[Result "1/2-1/2"]
[WhiteElo "2625"]
[BlackElo "2595"]
[Annotator "ChessBase"]
[PlyCount "75"]
[EventDate "1982.08.11"]
[EventType "tourn"]
[EventRounds "13"]
[EventCountry "MEX"]
[EventCategory "12"]
[SourceTitle "IZT"]
[Source "ChessBase"]
[SourceDate "1999.07.01"]
[SourceVersion "1"]
[SourceVersionDate "1999.07.01"]
[SourceQuality "1"]

1. e4 e5 2. Nf3 Nc6 3. Bb5 a6 4. Ba4 Nf6 5. O-O Be7 6. Re1 b5 7. Bb3 d6 8. c3
O-O 9. h3 Bb7 10. d4 Re8 11. Ng5 Rf8 12. Nf3 Re8 13. Nbd2 Bf8 14. a4 h6 15. Bc2
Qd7 $5 16. d5 $1 Ne7 17. b3 $14 Ng6 18. Nf1 c6 19. c4 bxc4 20. bxc4 a5 21. Ne3
Ba6 22. Nd2 Nf4 23. h4 $1 cxd5 24. exd5 g6 25. g3 N4h5 26. Qf3 Bg7 27. Ba3 Rad8
$6 28. Rac1 (28. Rab1 $1) 28... Rb8 29. Rb1 Qc7 30. Rec1 (30. Bb2 $1) 30...
Rxb1 31. Bxb1 Rb8 32. Qd1 $10 Bf8 33. Ba2 Nd7 34. Ne4 Nhf6 35. Nc3 Nc5 36. Nb5
Qd7 37. Bb1 h5 38. Qf3 1/2-1/2

[Event "Interzonal-11b"]
[Site "Rio de Janeiro"]
[Date "1979.10.01"]
[Round "7"]
[White "Shamkovich, Leonid Alexandrovic"]
[Black "Ivkov, Borislav"]
[Result "0-1"]
[WhiteElo "2495"]
[BlackElo "2525"]
[Annotator "ChessBase"]
[PlyCount "110"]
[EventDate "1979.09.23"]
[EventType "tourn"]
[EventRounds "19"]
[EventCountry "BRA"]
[EventCategory "11"]
[SourceTitle "IZT"]
[Source "ChessBase"]
[SourceDate "1999.07.01"]
[SourceVersion "1"]
[SourceVersionDate "1999.07.01"]
[SourceQuality "1"]

1. e4 e5 2. Nf3 Nc6 3. Bb5 a6 4. Ba4 Nf6 5. O-O Be7 6. Re1 b5 7. Bb3 d6 8. c3
O-O 9. h3 Nd7 10. d4 Bf6 11. d5 Na5 12. Bc2 c5 13. Nbd2 (13. dxc6 Nb6) 13... g6
14. b3 Bg7 15. Nf1 $6 (15. a4 $14) 15... Nb6 16. Ng3 Bd7 $13 17. Bg5 Qc7 18.
Qd2 c4 19. b4 Nb7 20. h4 a5 21. a3 Ra6 22. Be3 Rfa8 23. Rac1 axb4 24. axb4 Ra2
25. h5 R8a3 26. Bh6 Qd8 27. Bxg7 Kxg7 28. Qe3 Rb2 29. hxg6 hxg6 30. Ng5 Nc8 31.
f4 Qb6 32. Qxb6 Nxb6 33. fxe5 Rxc3 34. Rf1 Be8 35. e6 f6 36. e5 f5 37. N3e4
fxe4 38. e7 Nxd5 39. Rf8 Nxe7 40. Rxe8 Nf5 41. Rb8 Rcxc2 42. Rxc2 Rxc2 43. g4
Nd8 44. Rxd8 dxe5 45. Rd7+ Ne7 46. Nxe4 Kf8 47. Rb7 c3 48. Kf1 Rc1+ 49. Ke2 Nc6
50. Nf6 Rf1 51. Nd7+ Ke8 52. Rc7 Rf4 53. Rxc6 Kxd7 54. Rxg6 Rxb4 55. Kd3 Rc4
0-1